Roman myths. (Record no. 114568)
[ view plain ]
| 000 -LEADER | |
|---|---|
| fixed length control field | 00383nam a2200145 a 4500 |
| 005 - DATE AND TIME OF LATEST TRANSACTION | |
| control field | 20140414132105.0 |
| 008 - FIXED-LENGTH DATA ELEMENTS--GENERAL INFORMATION | |
| fixed length control field | 100823s19uu xx 00 eng d |
| 050 ## - LIBRARY OF CONGRESS CALL NUMBER | |
| Classification number | M 292.211 |
| Item number | G17 1993 |
| 100 ## - MAIN ENTRY--PERSONAL NAME | |
| Personal name | Gardner, Jane |
| 245 ## - TITLE STATEMENT | |
| Title | Roman myths. |
| 260 ## - PUBLICATION, DISTRIBUTION, ETC. (IMPRINT) | |
| Place of publication, distribution, etc | London : |
| Name of publisher, distributor, etc | The British Museum Press, |
| Date of publication, distribution, etc | 1993. |
| 440 ## - SERIES STATEMENT/ADDED ENTRY--TITLE | |
| Title | The legendary past |
| 650 ## - SUBJECT ADDED ENTRY--TOPICAL TERM | |
| Topical term or geographic name as entry element | Mythology, Roman |
| Withdrawn status | Lost status | Damaged status | Use restrictions | Home library | Current library | Shelving location | Date acquired | Source of acquisition | Cost, normal purchase price | Total Checkouts | Full call number | Barcode | Date last seen | Price effective from | Koha item type |
|---|---|---|---|---|---|---|---|---|---|---|---|---|---|---|---|
| Munich Library | Munich Library | Main Section | 08/23/2010 | 765.00 | M 292.211 G17 1993 | M6435 | 04/14/2014 | 04/14/2014 | Books |